| 000 | 00000nas##2200000za#4500 |
| 001 | 9.514716 |
| 003 | CaOODSP |
| 005 | 20200325130347 |
| 007 | ta |
| 008 | 150406c1996||||xxc|| m #||||f| |0eng|d |
| 040 | |aCaOODSP|beng |
| 043 | |an-cn--- |
| 086 | 1 |aH34-76E |
| 110 | 1 |aCanada.|bHealth Canada. |bMedical Services Branch. |
| 245 | 14|aThe report and recommendations of the joint AFN/MSB Task Force on the Future Management of the Non-insured Health Benefits Program / |cCo-chairs: Sydney Garrioch and Paul Glover. |
| 260 | |aOttawa - Ontario : |bHealth Canada. |
| 500 | |aCover title: Report on the future management of the Non-insured Health Benefits Program. AFN = Assembly of First Nations. |
| 563 | |aSoftcover |
| 720 | 1 |aGarrioch, Sydney |
| 720 | 1 |aGlover, Paul |
| 775 | 08|tLe rapport et les recommandations du Groupe de travail mixte de l'APN/DGSM sur la gestion future du Programme des Services de santé non assurés / |w(CaOODSP)9.513076 |